Power system stability and control
Uloženo v:
| Hlavní autoři: | , , |
|---|---|
| Médium: | Kniha |
| Jazyk: | angličtina |
| Vydáno: |
Nueva York
McGraw-Hill
1994
|
| Edice: | The EPRI Power System Engineering Series
|
| Témata: | |
| Tagy: |
Přidat tag
Žádné tagy, Buďte první, kdo vytvoří štítek k tomuto záznamu!
|
MARC
| LEADER | 00000nam a2200000 a 4500 | ||
|---|---|---|---|
| 001 | UCY2558 | ||
| 003 | CL-VaPUC | ||
| 008 | 941103e19940000US |||||||||||||||||eng|d | ||
| 082 | 0 | 4 | |a 621.319 |b KUN |2 21 |
| 100 | 0 | |a Kundur, Prabha |e author |9 330598 | |
| 700 | 0 | |a Balu, Neal J |e author |9 330599 | |
| 700 | 0 | |a Lauby, Mark G |e author |9 330600 | |
| 245 | 1 | 0 | |a Power system stability and control |
| 300 | |a 1176 p | ||
| 942 | |c BK | ||
| 945 | |d 19941103 00:00:00 |a mfernand | ||
| 260 | |a Nueva York |b McGraw-Hill |c 1994 | ||
| 650 | 0 | |a Sistemas eléctricos de potencia |9 260291 | |
| 650 | 7 | |a ESTABILIDAD |2 CL-VaPUC |9 330601 | |
| 650 | 0 | |a Control |9 330602 | |
| 583 | |a last modification |c 19941103 00:00:00 |k Rodrigo Vera | ||
| 490 | 0 | |a The EPRI Power System Engineering Series | |
| 999 | |c 230931 |d 230929 | ||
| 952 | |0 0 |1 0 |4 0 |6 621_319000000000000_KUN_1994 |7 0 |8 A |9 233606 |a BIBING |b BIBING |d 2019-11-15 |i 3033945 |o 621.319 KUN 1994 |p 3033945 |r 2025-01-20 |w 2019-11-15 |y BK |k EIE | ||
| 952 | |0 0 |1 0 |4 0 |6 621_319000000000000_KUN_1994 |7 0 |8 A |9 233608 |a BIBING |b BIBING |d 2019-11-15 |i 3291219 |o 621.319 KUN 1994 |p 3291219 |r 2023-03-02 |w 2019-11-15 |y BK |k EIE | ||
| 952 | |0 0 |1 0 |4 0 |6 621_319000000000000_KUN_1994 |7 0 |8 A |9 233610 |a BIBING |b BIBING |d 2019-11-15 |i 3584895 |o 621.319 KUN 1994 |p 3584895 |r 2025-01-20 |w 2019-11-15 |y BK |k ING | ||